Statistics for Broadway Musicals by Playbill

Click here to take the quiz!

General Stats

  • This quiz has been taken 272 times
  • The average score is 12 of 20

Answer Stats

Answer% Correct
Cats
100%
Hamilton: An American Musical
99%
The Lion King
99%
The Phantom of the Opera
99%
Hairspray
92%
The Book of Mormon
89%
The Sound of Music
74%
Miss Saigon
71%
Jersey Boys
68%
Evita
60%
Fiddler on the Roof
55%
Chicago
48%
Sweeney Todd: The Demon Barber of Fleet Street
47%
A Chorus Line
46%
Dreamgirls
45%
Billy Elliott: The Musical
30%
Hello, Dolly!
21%
Grease
15%
Starlight Express
9%
La Cage aux Folles
7%

Score Distribution

Percentile by Number Answered

Percent of People with Each Score

Your Score History

You have not taken this quiz